| 000 | 01176nam a22003377a 4500 | ||
|---|---|---|---|
| 001 | 634 | ||
| 005 | 20231120092801.0 | ||
| 020 | _a0394904400 | ||
| 020 | _a0394804406 | ||
| 020 | _a9780394904405 | ||
| 020 | _a9780590400060 | ||
| 040 |
_aCDS _cCDS _dMDK _dMPB _dXY4 _dOCL _dBAKER _dDLC _beng |
||
| 050 | 0 | 0 | _aPZ10.L6465 |
| 082 | _a813.54 | ||
| 100 | 1 |
_aLionni, Leo, _d1910-1999. |
|
| 245 | 1 | 0 |
_aFish is fish / _cLeo Lionni. |
| 250 | _aFirst Scholastic printing, April 1995 | ||
| 260 |
_aNew York : _bScholastic, _c1995. |
||
| 300 |
_a30 unnumbered pages : _bcolor illustrations ; _c23 cm. |
||
| 505 | _aM | ||
| 520 | _aWhen his friend, the tadpole, becomes a frog and leaves the pond to explore the world, the little fish decides that maybe he doesn't have to remain in the pond either. A fable about a fish who learns from a frog how to be happy just being himself. | ||
| 521 |
_a690
_bLexile |
||
| 521 |
_aM
_bRaz-Plus |
||
| 650 | 0 |
_aFishes _vFiction. |
|
| 650 | 0 |
_aFrogs _vFiction. |
|
| 650 | 1 |
_aFishes _vFiction. |
|
| 650 | 1 |
_aFrogs _vFiction. |
|
| 650 | 1 | _aPicture books. | |
| 906 |
_a7 _bcbc _ccopycat _d2 _encip _f20 _gy-gencatlg |
||
| 942 |
_2ddc _cBK _n0 |
||
| 999 |
_c634 _d634 |
||